Logo BPK

Biblioteka

Politechniki Koszalińskiej

Metodyczne ćwiczenia laboratoryjne z mechanicznej teorii maszyn / (Rekord nr 27613)

Szczegóły MARC
000 -ETYKIETA REKORDU
podpole kontrolne o stałej długości 00382nam a2200145 i 4500
001 - NUMER KONTROLNY REKORDU
pole kontrolne bg
040 ## - ŹRÓDŁO KATALOGOWANIA
Instytucja, która utworzyła rekord BPK
041 ## - KOD JĘZYKA
Kod języka tekstu pol
008 - POLE O STAŁEJ DŁUGOŚCI - DANE KONTROLNE
podpole kontrolne o stałej długości s pl f |000 0 pol
100 1# - NAZWA OSOBOWA
Nazwa osobowa WOJNAROWSKI, Józef
245 #0 - TYTUŁ/ODPOWIEDZIALNOŚĆ
Tytuł Metodyczne ćwiczenia laboratoryjne z mechanicznej teorii maszyn /
Pozostałe elementy strefy tytułu i oznaczenia odpowiedzialności Józef Wojnarowski.
250 ## - STREFA WYDANIA
Oznaczenie wydania Wyd.2 popr.
260 ## - STREFA ADRESU WYDAWNICZEGO
Miejsce wydania Gliwice,
Data publikacji, dystrybucji/powstania dokumentu 1976.
856 ## - LOKALIZACJA I DOSTĘP DO ELEKTRONICZNYCH DOKUMENTÓW ZDALNYCH
Link (URL) http://koha.tu.koszalin.pl/cgi-bin/koha/opac-detail.pl?biblionumber=27613
Tekst linku Katalog online BPK
942 ## - DODATKOWE ELEMENTY (KOHA)
Typ dokumentu Książka
Egzemplarze
Wycofany Status egzemplarza Uszkodzony Dostępność Lokalizacja stała Lokalizacja bieżąca Miejsce przechowywania Sygnatura Kod kreskowy Typ dokumentu
      Dostępny Biblioteka Politechniki Koszalińskiej Biblioteka Politechniki Koszalińskiej Wypożyczalnia BG 22339 02110257 Książka
      Dostępny Biblioteka Politechniki Koszalińskiej Biblioteka Politechniki Koszalińskiej Wypożyczalnia BG 22340 01682090 Książka
© 2023 Biblioteka Politechniki Koszalińskiej :: KOHA